[Event "MCR_EM_CF12"]
[Site "?"]
[Date "2004.??.??"]
[Round "?"]
[White "Mikoska, Josef"]
[Black "Jakimic, Viktor"]
[Result "1/2-1/2"]
[WhiteElo "2133"]
[BlackElo "2110"]
[PlyCount "87"]
[EventDate "2005.??.??"]
[EventType "corr"]
[EventRounds "2"]
[SourceDate "2005.03.12"]

1. e4 c5 2. b3 d6 3. Bb2 Nc6 4. f4 e6 5. Nf3 Nf6 6. e5 Nd5 7. g3 dxe5 8. Nxe5
Nxf4 9. Nxc6 bxc6 10. Bc4 Nd5 11. Qf3 Qc7 12. O-O a5 13. Qh5 a4 14. Be5 Qe7 15.
Nc3 Nf6 16. Bxf6 gxf6 17. Nxa4 Ba6 18. Nb6 Bxc4 19. Nxc4 Bg7 20. a4 O-O 21.
Rae1 Rfd8 22. Qf3 Ra6 23. d3 Qc7 24. Qf4 Qxf4 25. Rxf4 f5 26. Kg2 Rd4 27. Kf2
h5 28. Ke2 Kf8 29. h3 Bf6 30. Rf3 Kg7 31. Ref1 Kg6 32. Kd1 Kg5 33. Ne3 Be7 34.
Ke2 Kf6 35. g4 hxg4 36. Nxg4+ Kg7 37. Ne5 Kf8 38. Rg1 Bf6 39. Nc4 Rh4 40. Kd2
Ra8 41. Nb6 Rd8 42. a5 Ke7 43. Nc4 Kd7 44. Rfg3 1/2-1/2

[Event "MCR_EM_CF12"]
[Site "?"]
[Date "2004.??.??"]
[Round "?"]
[White "Mikoska, Josef"]
[Black "Jarabinsky, Martin"]
[Result "1-0"]
[WhiteElo "2133"]
[BlackElo "2116"]
[PlyCount "57"]
[EventDate "2005.??.??"]
[EventType "corr"]
[EventRounds "2"]
[SourceDate "2005.03.12"]

1. e4 e6 2. f4 c5 3. Nf3 Nc6 4. Bb5 Nge7 5. O-O a6 6. Be2 d5 7. d3 g6 8. c3 Bg7
9. Be3 d4 10. Bf2 O-O 11. Qc2 Bd7 12. Nbd2 Qc7 13. cxd4 cxd4 14. Bg3 f5 15. Nb3
Rac8 16. Rac1 Qb6 17. Qc5 Qc7 18. Qa3 Bh6 19. Ne5 Be8 20. Nc4 Bf7 21. Nd6 Ra8
22. e5 Nd5 23. Qc5 g5 24. Bf3 gxf4 25. Bh4 Bg7 26. Bxd5 exd5 27. Bf6 Bxf6 28.
exf6 Be8 29. f7+ 1-0

[Event "MCR_EM_CF12"]
[Site "?"]
[Date "2004.??.??"]
[Round "?"]
[White "Mikoska, Josef"]
[Black "Ksir, Bohumil"]
[Result "1-0"]
[WhiteElo "2133"]
[BlackElo "2151"]
[PlyCount "51"]
[EventDate "2005.??.??"]
[EventType "corr"]
[EventRounds "2"]
[SourceDate "2005.03.12"]

1. e4 e6 2. f4 d5 3. e5 c5 4. b4 cxb4 5. Nf3 Nc6 6. d4 Nh6 7. Bd3 Be7 8. c3 O-O
9. Qc2 Qb6 10. Bxh7+ Kh8 11. Qd3 Bd7 12. g4 Nxg4 13. Rg1 Nh6 14. a3 Rac8 15.
Ra2 bxa3 16. Rag2 f5 17. Rxg7 a2 18. Nbd2 Be8 19. R7g3 Kxh7 20. Qf1 Bh4 21.
Nxh4 Bh5 22. Nhf3 Ng4 23. h3 Qb1 24. Nb3 Na5 25. hxg4 Nxb3 26. Qh3 1-0

[Event "MCR_EM_CF12"]
[Site "?"]
[Date "2004.??.??"]
[Round "?"]
[White "Mikoska, Josef"]
[Black "Paulik, Vaclav"]
[Result "0-1"]
[WhiteElo "2133"]
[BlackElo "2172"]
[PlyCount "80"]
[EventDate "2005.??.??"]
[EventType "corr"]
[EventRounds "2"]
[SourceDate "2005.03.12"]

1. e4 c5 2. b3 Nc6 3. f4 Nf6 4. d3 g6 5. Be2 Bg7 6. c3 O-O 7. Nf3 d5 8. e5 Ne8
9. Ba3 f6 10. exf6 Nxf6 11. Bxc5 b6 12. Be3 Ng4 13. Bd2 d4 14. O-O dxc3 15.
Nxc3 Bxc3 16. Bxc3 Ne3 17. Qd2 Nxf1 18. Rxf1 Qd6 19. Bb2 Bg4 20. Qc3 Qc5+ 21.
Qxc5 bxc5 22. d4 cxd4 23. Bc4+ e6 24. Ng5 Rfd8 25. h3 h6 26. hxg4 hxg5 27. f5
gxf5 28. gxf5 Ne5 29. Bb5 a6 30. Ba4 Ra7 31. fxe6 Kg7 32. Rf5 Ng6 33. Rxg5 Kh7
34. Rh5+ Kg8 35. b4 Re7 36. Bb3 Nf4 37. Rh4 Nxe6 38. Bxd4 Kf7 39. Bc5 Ree8 40.
Rh8 Rxh8 0-1

[Event "MCR_EM_CF12"]
[Site "?"]
[Date "2004.??.??"]
[Round "?"]
[White "Mikoska, Josef"]
[Black "Struzka, Vlastimil"]
[Result "1/2-1/2"]
[WhiteElo "2133"]
[BlackElo "2194"]
[PlyCount "87"]
[EventDate "2005.??.??"]
[EventType "corr"]
[EventRounds "2"]
[SourceDate "2005.03.12"]

1. e4 e5 2. Nf3 Nf6 3. Nc3 Nc6 4. Bb5 Bc5 5. O-O O-O 6. Bxc6 dxc6 7. d3 Re8 8.
h3 a6 9. Bg5 Qe7 10. Re1 Qd6 11. Nd2 h6 12. Nc4 Qe7 13. Bh4 Bd4 14. Ne3 Qe6 15.
Nf5 Bc5 16. Qf3 Nd7 17. Ne2 Bb4 18. c3 Bf8 19. b3 a5 20. Rad1 a4 21. Nc1 c5 22.
Re2 c6 23. Rb2 b5 24. Ne3 g6 25. Ne2 axb3 26. axb3 Bg7 27. b4 Bb7 28. bxc5 Nxc5
29. Rbb1 Ra2 30. c4 bxc4 31. Nc1 Ra4 32. dxc4 Ba6 33. Nb3 Nxb3 34. Rxb3 Bxc4
35. Nxc4 Qxc4 36. Rb7 Rb4 37. Rc7 Rb3 38. Qg4 Rf8 39. Be7 Rfb8 40. Bh4 Kh7 41.
Rdd7 Rf8 42. Kh2 Rd3 43. Rxd3 Qxd3 44. f3 1/2-1/2

[Event "MCR_EM_CF12"]
[Site "?"]
[Date "2004.??.??"]
[Round "?"]
[White "Mikoska, Josef"]
[Black "Valenta, Josef"]
[Result "0-1"]
[WhiteElo "2133"]
[BlackElo "2110"]
[PlyCount "86"]
[EventDate "2005.??.??"]
[EventType "corr"]
[EventRounds "2"]
[SourceDate "2005.03.12"]

1. e4 e5 2. Nf3 Nf6 3. Nc3 Bb4 4. Nxe5 Qe7 5. Ng4 Bxc3 6. dxc3 Qxe4+ 7. Qe2
Qxe2+ 8. Bxe2 Nxg4 9. Bxg4 Nc6 10. Bf4 d6 11. Bf3 Be6 12. O-O-O Kd7 13. Rhe1
Rhe8 14. g4 Re7 15. Re3 Rae8 16. Rde1 Na5 17. h4 Nc4 18. R3e2 b5 19. Rd1 h6 20.
Re5 Nxe5 21. Bxe5 f5 22. gxf5 Bxf5 23. Bd4 Rf8 24. Rg1 Bxc2 25. Bg4+ Bf5 26.
Bxg7 Rff7 27. Bd4 Bxg4 28. Rxg4 Re2 29. Be3 a6 30. a4 bxa4 31. Rxa4 Rg7 32. Kb1
h5 33. Ra5 c5 34. Rxa6 Rg4 35. Bg5 Rxf2 36. Ka2 Rgg2 37. Rb6 Kc7 38. Rb5 Kc6
39. Rb8 Kd5 40. Be7 Re2 41. Bf6 Kc4 42. Ka3 Ref2 43. Bh8 Rg4 0-1

[Event "MCR_EM_CF12"]
[Site "?"]
[Date "2004.??.??"]
[Round "?"]
[White "Paulik, Vaclav"]
[Black "Berko, Michal"]
[Result "1/2-1/2"]
[WhiteElo "2172"]
[BlackElo "2003"]
[PlyCount "97"]
[EventDate "2005.??.??"]
[EventType "corr"]
[EventRounds "2"]
[SourceDate "2005.03.12"]

1. e4 e6 2. d4 d5 3. e5 b6 4. Nf3 Qd7 5. c4 Ne7 6. Nc3 Bb7 7. Be2 dxc4 8. Bxc4
Nbc6 9. O-O a6 10. Bg5 h6 11. Be3 b5 12. Bb3 Na5 13. Bc2 Nd5 14. Nxd5 Bxd5 15.
Nd2 Rd8 16. Qg4 h5 17. Qh4 Be7 18. Qg3 g6 19. Rfd1 h4 20. Qh3 Qc6 21. Rac1 Qb7
22. Bb1 Nc4 23. Nxc4 Bxc4 24. f3 Bd5 25. Be4 c5 26. dxc5 Bxe4 27. fxe4 Qxe4 28.
Qf3 Qxe5 29. b4 O-O 30. Bf4 Qf5 31. Bd6 Bxd6 32. cxd6 Qxf3 33. gxf3 Kg7 34. Kf2
Rd7 35. Ke3 Kf6 36. Ke4 Ra8 37. Rd2 a5 38. Rc7 Rdd8 39. bxa5 Rxa5 40. Rb7 g5
41. h3 Ra6 42. Rxb5 Raxd6 43. Rxd6 Rxd6 44. a4 Rd1 45. a5 Kg6 46. a6 Re1+ 47.
Kd4 Ra1 48. Rb6 Kf5 49. Ke3 1/2-1/2

[Event "MCR_EM_CF12"]
[Site "?"]
[Date "2004.??.??"]
[Round "?"]
[White "Paulik, Vaclav"]
[Black "Jakimic, Viktor"]
[Result "1/2-1/2"]
[WhiteElo "2172"]
[BlackElo "2110"]
[PlyCount "48"]
[EventDate "2005.??.??"]
[EventType "corr"]
[EventRounds "2"]
[SourceDate "2005.03.12"]

1. e4 c5 2. Nf3 Nc6 3. d4 cxd4 4. Nxd4 g6 5. Nc3 Bg7 6. Be3 Nf6 7. Bc4 d6 8. f3
Bd7 9. Qd2 Rc8 10. Bb3 Ne5 11. O-O-O Nc4 12. Bxc4 Rxc4 13. Kb1 a6 14. g4 h5 15.
h3 b5 16. g5 Nh7 17. f4 O-O 18. Qd3 e6 19. Nde2 Qc8 20. Qxd6 Bc6 21. Qd3 Qb7
22. Rhe1 Bxe4 23. Nxe4 Rxe4 24. Ng1 Rc8 1/2-1/2

[Event "MCR_EM_CF12"]
[Site "?"]
[Date "2004.??.??"]
[Round "?"]
[White "Paulik, Vaclav"]
[Black "Jarabinsky, Martin"]
[Result "1-0"]
[WhiteElo "2172"]
[BlackElo "2116"]
[PlyCount "71"]
[EventDate "2005.??.??"]
[EventType "corr"]
[EventRounds "2"]
[SourceDate "2005.03.12"]

1. e4 e6 2. d4 c5 3. Nf3 cxd4 4. Nxd4 Bc5 5. Nb3 Bb6 6. Nc3 Ne7 7. Bf4 Nbc6 8.
Bd6 O-O 9. Qd2 f5 10. O-O-O Bc7 11. f3 a6 12. Kb1 fxe4 13. Nxe4 b5 14. Bd3 Rb8
15. Qf2 Bxd6 16. Nxd6 Qc7 17. Qh4 h6 18. Be4 a5 19. Rhe1 Ba6 20. Nc5 Qa7 21.
Nxa6 Qxa6 22. g4 Rf4 23. Qg3 Rbf8 24. g5 h5 25. g6 Qa7 26. Nf7 Rf6 27. Qg5 Nxg6
28. Bxg6 Rxg6 29. Qxg6 Rxf7 30. Qxh5 b4 31. Re4 Rf5 32. Qe8+ Rf8 33. Qxd7 Qxd7
34. Rxd7 Rxf3 35. c3 bxc3 36. bxc3 1-0

[Event "MCR_EM_CF12"]
[Site "?"]
[Date "2004.??.??"]
[Round "?"]
[White "Paulik, Vaclav"]
[Black "Ksir, Bohumil"]
[Result "1/2-1/2"]
[WhiteElo "2172"]
[BlackElo "2151"]
[PlyCount "101"]
[EventDate "2005.??.??"]
[EventType "corr"]
[EventRounds "2"]
[SourceDate "2005.03.12"]

1. e4 e5 2. Nf3 Nc6 3. Bb5 a6 4. Ba4 b5 5. Bb3 Na5 6. O-O d6 7. d4 Nxb3 8. axb3
f6 9. dxe5 dxe5 10. Qe2 Bb7 11. Rd1 Qc8 12. Nh4 Ne7 13. Nc3 g6 14. Be3 Bg7 15.
Rd2 O-O 16. Rad1 Qe6 17. Bc5 Rfe8 18. b4 Kh8 19. Qd3 Rac8 20. Qe3 Nc6 21. Nf3
Nd8 22. Nd5 Qf7 23. Ne1 Ne6 24. Nd3 Nd4 25. Nc3 Rcd8 26. f3 Kg8 27. b3 Rd7 28.
Ne2 Ne6 29. c4 Bc8 30. Nc3 bxc4 31. bxc4 Nxc5 32. Nxc5 Rxd2 33. Qxd2 Bf8 34.
Qa2 Bxc5+ 35. bxc5 c6 36. Rd6 Qb7 37. Qa4 Bd7 38. Qa5 Rb8 39. Rxf6 Qb4 40. Qc7
Qxc5+ 41. Kh1 Rf8 42. Qd6 Qxd6 43. Rxd6 Rd8 44. f4 Kf7 45. fxe5 Ke7 46. Kg1 Rb8
47. Na4 Rb4 48. Nc5 Be8 49. Re6+ Kf7 50. Rf6+ Ke7 51. Re6+ 1/2-1/2

[Event "MCR_EM_CF12"]
[Site "?"]
[Date "2004.??.??"]
[Round "?"]
[White "Paulik, Vaclav"]
[Black "Mikoska, Josef"]
[Result "1/2-1/2"]
[WhiteElo "2172"]
[BlackElo "2133"]
[PlyCount "69"]
[EventDate "2005.??.??"]
[EventType "corr"]
[EventRounds "2"]
[SourceDate "2005.03.12"]

1. e4 e5 2. Nf3 Nc6 3. d4 exd4 4. Bc4 Bc5 5. c3 Nf6 6. cxd4 Bb4+ 7. Nc3 Nxe4 8.
O-O Bxc3 9. d5 Ne5 10. bxc3 Nxc4 11. Qd4 f5 12. Qxc4 d6 13. Nd4 O-O 14. f3 Nc5
15. Ba3 b6 16. Bxc5 bxc5 17. Nc6 Qf6 18. Rfe1 Bd7 19. Re7 Rf7 20. Re2 Kh8 21.
Rae1 Rff8 22. a4 a6 23. Qb3 f4 24. Qb7 Rac8 25. Ne7 Rb8 26. Qxc7 Bxa4 27. Rc1
Rb3 28. Re6 Qg5 29. Kh1 Rb2 30. Rg1 Bb5 31. Ree1 Qf6 32. Re6 Qg5 33. Ree1 Qf6
34. Re6 Qg5 35. Ree1 1/2-1/2

[Event "MCR_EM_CF12"]
[Site "?"]
[Date "2004.??.??"]
[Round "?"]
[White "Paulik, Vaclav"]
[Black "Struzka, Vlastimil"]
[Result "1-0"]
[WhiteElo "2172"]
[BlackElo "2194"]
[PlyCount "121"]
[EventDate "2005.??.??"]
[EventType "corr"]
[EventRounds "2"]
[SourceDate "2005.03.12"]

1. e4 e5 2. Nf3 Nc6 3. Bb5 a6 4. Ba4 Nf6 5. O-O Nxe4 6. d4 exd4 7. Re1 d5 8.
Nxd4 Bd6 9. Nxc6 Bxh2+ 10. Kh1 Qh4 11. Rxe4+ dxe4 12. Qd8+ Qxd8 13. Nxd8+ Kxd8
14. Kxh2 Be6 15. Be3 f5 16. Nc3 Ke7 17. g4 g6 18. Kg3 h5 19. gxf5 gxf5 20. Kh4
Rag8 21. Bg5+ Kf7 22. Ne2 c5 23. c3 Rg7 24. Rg1 b5 25. Bd1 Bxa2 26. Nf4 Ke8 27.
Bxh5+ Kd7 28. Rd1+ Kc7 29. Ra1 Bf7 30. Rxa6 Rgh7 31. Bh6 Kb7 32. Rf6 Bxh5 33.
Kxh5 Rg8 34. Ng6 b4 35. Rxf5 Ra8 36. Nf8 Re7 37. Bg5 Ree8 38. Nd7 Ra2 39. Nxc5+
Kc6 40. cxb4 Rxb2 41. Rf6+ Kb5 42. Be3 Rxb4 43. Kg4 Rc8 44. Nb7 Rb8 45. Rb6+
Kc4 46. Rxb4+ Kxb4 47. Nd6 Kc3 48. Nxe4+ Kd3 49. Nc5+ Kc4 50. Kf5 Kd5 51. Ne4
Rb3 52. Nf6+ Kd6 53. Bf4+ Ke7 54. Ne4 Kf7 55. Ng5+ Ke7 56. Be5 Rb6 57. f4 Rh6
58. Bd4 Rc6 59. Ke5 Rc1 60. f5 Re1+ 61. Ne4 1-0

[Event "MCR_EM_CF12"]
[Site "?"]
[Date "2004.??.??"]
[Round "?"]
[White "Paulik, Vaclav"]
[Black "Valenta, Josef"]
[Result "0-1"]
[WhiteElo "2172"]
[BlackElo "2110"]
[PlyCount "71"]
[EventDate "2005.??.??"]
[EventType "corr"]
[EventRounds "2"]
[SourceDate "2005.03.12"]

1. e4 c5 2. Nf3 Nc6 3. d4 cxd4 4. Nxd4 Nf6 5. Nc3 e5 6. Ndb5 d6 7. Nd5 Nxd5 8.
exd5 Ne7 9. c3 Nf5 10. a4 Be7 11. Bd3 O-O 12. O-O Nh4 13. f4 a6 14. Na3 f5 15.
Nc4 Ng6 16. a5 e4 17. Nb6 Rb8 18. Bc4 Bd7 19. Be3 Be8 20. b4 Qc7 21. Rc1 Bf7
22. Bb3 Bf6 23. c4 Rbd8 24. c5 Ne7 25. cxd6 Qxd6 26. Bc5 Qb8 27. d6 Nc6 28. d7
Be7 29. Bxe7 Nxe7 30. Ba4 Ng6 31. Rc8 Rxc8 32. dxc8=Q Rxc8 33. Nxc8 Qxc8 34.
Bd7 Qc3 35. Bxf5 Qb3 36. Qxb3 0-1

[Event "MCR_EM_CF12"]
[Site "?"]
[Date "2004.??.??"]
[Round "?"]
[White "Struzka, Vlastimil"]
[Black "Berko, Michal"]
[Result "0-1"]
[WhiteElo "2194"]
[BlackElo "2003"]
[PlyCount "68"]
[EventDate "2005.??.??"]
[EventType "corr"]
[EventRounds "2"]
[SourceDate "2005.03.12"]

1. d4 Nf6 2. Nf3 g6 3. c4 Bg7 4. Nc3 d6 5. e4 O-O 6. Be2 e5 7. dxe5 dxe5 8.
Qxd8 Rxd8 9. Bg5 Re8 10. Nd5 Nxd5 11. cxd5 c6 12. Rd1 cxd5 13. exd5 h6 14. Be3
e4 15. Nd4 a6 16. h4 h5 17. a4 Nd7 18. a5 Nf6 19. d6 Bd7 20. O-O Rac8 21. b4
Red8 22. Nb3 Rc2 23. Bb6 Rdc8 24. Rfe1 Ba4 25. Rb1 Bxb3 26. Rxb3 Rd2 27. b5
axb5 28. Be3 Rxd6 29. Rxb5 Rd5 30. Reb1 Rc7 31. Kf1 Rxb5 32. Rxb5 Ng4 33. Rxb7
Nxe3+ 34. fxe3 Rxb7 0-1

[Event "MCR_EM_CF12"]
[Site "?"]
[Date "2004.??.??"]
[Round "?"]
[White "Struzka, Vlastimil"]
[Black "Jakimic, Viktor"]
[Result "1/2-1/2"]
[WhiteElo "2194"]
[BlackElo "2110"]
[PlyCount "89"]
[EventDate "2005.??.??"]
[EventType "corr"]
[EventRounds "2"]
[SourceDate "2005.03.12"]

1. d4 d5 2. c4 c6 3. Nf3 e6 4. Bg5 Be7 5. Bxe7 Qxe7 6. e3 Nf6 7. Nbd2 O-O 8.
Bd3 Nbd7 9. Qc2 h6 10. O-O e5 11. dxe5 Nxe5 12. Nxe5 Qxe5 13. Nf3 Qc7 14. c5
Re8 15. b4 Bd7 16. a4 b6 17. Rfc1 Ne4 18. Bxe4 dxe4 19. Nd4 Rac8 20. cxb6 axb6
21. a5 Re5 22. a6 c5 23. Nb3 c4 24. a7 Ree8 25. Nd4 b5 26. Ra5 Qe5 27. Qa2 Qd5
28. Ra6 Qb7 29. Rd1 Ra8 30. Qa5 Rec8 31. Rb6 Qxa7 32. Qxa7 Rxa7 33. Nxb5 Bxb5
34. Rxb5 c3 35. Rc1 Ra2 36. g4 Rd2 37. Kg2 Kf8 38. Ra5 c2 39. b5 Ke7 40. b6 Ke6
41. b7 Rb8 42. Ra6+ Ke5 43. Rc6 Rxb7 44. R1xc2 Rxc2 45. Rxc2 1/2-1/2

[Event "MCR_EM_CF12"]
[Site "?"]
[Date "2004.??.??"]
[Round "?"]
[White "Struzka, Vlastimil"]
[Black "Jarabinsky, Martin"]
[Result "1-0"]
[WhiteElo "2194"]
[BlackElo "2116"]
[PlyCount "111"]
[EventDate "2005.??.??"]
[EventType "corr"]
[EventRounds "2"]
[SourceDate "2005.03.12"]

1. d4 Nf6 2. c4 e6 3. Nc3 d5 4. Nf3 c6 5. e3 Nbd7 6. Bd3 dxc4 7. Bxc4 b5 8. Bd3
Bb7 9. O-O b4 10. Ne4 Be7 11. Nxf6+ Nxf6 12. e4 O-O 13. e5 Nd7 14. Qc2 h6 15.
Bh7+ Kh8 16. Be4 Qb6 17. Be3 c5 18. Rfd1 Rac8 19. dxc5 Nxc5 20. Bxb7 Qxb7 21.
a3 bxa3 22. Rxa3 Rfd8 23. Rxd8+ Rxd8 24. h3 Na6 25. Ra4 Nb4 26. Qb3 a6 27. Bd2
Rb8 28. Bxb4 Bxb4 29. Qc4 a5 30. Qb3 Qd5 31. Qc2 Kg8 32. Ra1 Bf8 33. Qc3 Rb4
34. b3 Rb5 35. Qc2 Qc5 36. Qd2 Qb6 37. Ra2 g5 38. Kh2 Bb4 39. Qd7 Kg7 40. Rc2
Rd5 41. Qa4 Rc5 42. Re2 Qb7 43. Qa1 Qd5 44. Qa2 Qd1 45. Qb2 Rc3 46. Re3 Rc2 47.
Qd4 Qxd4 48. Nxd4 Rxf2 49. Nc6 Ra2 50. Nxb4 axb4 51. Re4 Kg6 52. Rxb4 Ra5 53.
Re4 Kf5 54. Re3 Rxe5 55. Rf3+ Kg6 56. b4 1-0

[Event "MCR_EM_CF12"]
[Site "?"]
[Date "2004.??.??"]
[Round "?"]
[White "Struzka, Vlastimil"]
[Black "Ksir, Bohumil"]
[Result "0-1"]
[WhiteElo "2194"]
[BlackElo "2151"]
[PlyCount "119"]
[EventDate "2005.??.??"]
[EventType "corr"]
[EventRounds "2"]
[SourceDate "2005.03.12"]

1. d4 Nf6 2. c4 e6 3. Nc3 Bb4 4. Nf3 b6 5. Bg5 Bb7 6. a3 Bxc3+ 7. bxc3 h6 8.
Bh4 d6 9. e3 Nbd7 10. Nd2 e5 11. f3 Qe7 12. e4 O-O 13. Bd3 c5 14. O-O g5 15.
Bf2 Nh5 16. d5 Ndf6 17. g3 Bc8 18. Kg2 Qd7 19. Kh1 Qb7 20. Rg1 Qe7 21. a4 Bd7
22. a5 Rfb8 23. Be3 bxa5 24. Rxa5 a6 25. Qc2 Bc8 26. Rga1 Rb6 27. Rb5 Rab8 28.
Rxb6 Rxb6 29. Bf1 Qb7 30. Bg2 Ne8 31. Rb1 Rxb1+ 32. Nxb1 Neg7 33. Nd2 Bd7 34.
Qa2 f5 35. exf5 Nxf5 36. Bf2 Nf6 37. h3 Qb6 38. Qc2 Ne7 39. Kh2 a5 40. Qa2 a4
41. Qa1 Kg7 42. Qc1 Qa5 43. Qa3 Bf5 44. Bf1 Qa6 45. Be3 Bc2 46. Kg1 Bh7 47. Qa2
a3 48. Nb3 Nf5 49. Bf2 e4 50. g4 e3 51. Be1 Ne7 52. Bg3 Ng6 53. Qe2 a2 54. Na1
Qa5 55. Qb2 Nf4 56. Bxf4 gxf4 57. Qb7+ Kg8 58. Qb2 Bb1 59. Kh2 Qd8 60. Qe2 0-1

[Event "MCR_EM_CF12"]
[Site "?"]
[Date "2004.??.??"]
[Round "?"]
[White "Struzka, Vlastimil"]
[Black "Mikoska, Josef"]
[Result "1/2-1/2"]
[WhiteElo "2194"]
[BlackElo "2133"]
[PlyCount "92"]
[EventDate "2005.??.??"]
[EventType "corr"]
[EventRounds "2"]
[SourceDate "2005.03.12"]

1. d4 g6 2. e4 Bg7 3. Nf3 d6 4. Nbd2 Nf6 5. Be2 O-O 6. O-O Nc6 7. c3 Nd7 8. Re1
e5 9. Nc4 exd4 10. cxd4 Nf6 11. d5 Nb8 12. Bd3 Re8 13. Bd2 Nbd7 14. b4 Nb6 15.
Rc1 Bd7 16. Na5 Rb8 17. Qc2 Qe7 18. h3 Rec8 19. b5 Be8 20. a4 Nfd7 21. Bg5 f6
22. Be3 Kh8 23. Nb3 Nxa4 24. Ra1 Ndc5 25. Nxc5 Nxc5 26. Rxa7 Bd7 27. Qc4 Qf8
28. Bxc5 dxc5 29. e5 fxe5 30. Nxe5 Re8 31. f4 Bf5 32. Bxf5 Qxf5 33. g4 Qf8 34.
Kg2 g5 35. Nd7 Qd6 36. Rxe8+ Rxe8 37. Nxc5 gxf4 38. Ne6 f3+ 39. Kxf3 Qh2 40.
Qf4 Qxh3+ 41. Kf2 Qd3 42. Rxb7 Ra8 43. Qa4 Rf8+ 44. Nxf8 Bd4+ 45. Ke1 Qe4+ 46.
Kd1 Qxg4+ 1/2-1/2

[Event "MCR_EM_CF12"]
[Site "?"]
[Date "2004.??.??"]
[Round "?"]
[White "Struzka, Vlastimil"]
[Black "Paulik, Vaclav"]
[Result "0-1"]
[WhiteElo "2194"]
[BlackElo "2172"]
[PlyCount "123"]
[EventDate "2005.??.??"]
[EventType "corr"]
[EventRounds "2"]
[SourceDate "2005.03.12"]

1. d4 Nf6 2. c4 g6 3. Nc3 d5 4. Nf3 Bg7 5. Bf4 O-O 6. e3 c5 7. dxc5 Qa5 8. Rc1
dxc4 9. Bxc4 Qxc5 10. Nb5 Be6 11. Nc7 Bxc4 12. b3 Qa5+ 13. Qd2 Qxd2+ 14. Nxd2
Bd3 15. Nxa8 Nd5 16. Nc7 Rc8 17. Nf3 Nxf4 18. exf4 Bb2 19. Rc5 Ba3 20. Rd5 Be4
21. O-O Bxd5 22. Nxd5 Rc2 23. Ra1 Bc5 24. Ne3 Bxe3 25. fxe3 Nc6 26. e4 f6 27.
Kf1 Rb2 28. Rd1 Rxa2 29. Rd7 b5 30. Rc7 Rc2 31. Ke1 b4 32. e5 Kf7 33. exf6 Kxf6
34. g3 Ke6 35. Kd1 Rc3 36. Nd2 Nd4 37. Rxa7 Rd3 38. Kc1 Re3 39. Kd1 Nxb3 40.
Nxb3 Rxb3 41. Kc2 Ra3 42. Rb7 Ra2+ 43. Kd3 Rxh2 44. Rxb4 Rh3 45. Ke4 Rxg3 46.
Rb6+ Kf7 47. Rb8 h5 48. Rh8 Ra3 49. Rh7+ Kf6 50. Rh8 Ra4+ 51. Kf3 e5 52. fxe5+
Kxe5 53. Re8+ Kf6 54. Rb8 Kg5 55. Rb2 Ra3+ 56. Kg2 h4 57. Kh2 Kh5 58. Rb8 h3
59. Rb5+ g5 60. Rb8 Kh4 61. Rh8+ Kg4 62. Rd8 0-1

[Event "MCR_EM_CF12"]
[Site "?"]
[Date "2004.??.??"]
[Round "?"]
[White "Struzka, Vlastimil"]
[Black "Valenta, Josef"]
[Result "1/2-1/2"]
[WhiteElo "2194"]
[BlackElo "2110"]
[PlyCount "139"]
[EventDate "2005.??.??"]
[EventType "corr"]
[EventRounds "2"]
[SourceDate "2005.03.12"]

1. d4 Nf6 2. c4 e6 3. Nc3 Bb4 4. a3 Bxc3+ 5. bxc3 c5 6. dxc5 Qa5 7. Qd4 Nc6 8.
Qe3 Ne4 9. Rb1 f5 10. Nf3 Qxc3+ 11. Qxc3 Nxc3 12. Ra1 Ne4 13. Be3 Na5 14. Rc1
Nb3 15. Rd1 Nexc5 16. Nd4 b6 17. Nb5 O-O 18. Nd6 Ne4 19. Bf4 Nxd6 20. Bxd6 Rf7
21. h4 Ba6 22. Rh3 Na5 23. c5 Rc8 24. cxb6 axb6 25. h5 Nc4 26. e3 Nxd6 27. Bxa6
Rc6 28. Rh4 b5 29. Rhd4 Rxa6 30. Rxd6 Rxa3 31. Rxd7 Rxd7 32. Rxd7 b4 33. Ke2 e5
34. Rb7 Ra2+ 35. Kf3 e4+ 36. Kg3 Rb2 37. f3 exf3 38. gxf3 Rb1 39. Kf4 Rh1 40.
Kxf5 Rxh5+ 41. Kg4 Re5 42. e4 h6 43. Rxb4 Rg5+ 44. Kf4 Kf7 45. Ra4 Rb5 46. Ra7+
Kf6 47. Ra6+ Kf7 48. e5 g6 49. Ke4 Rb4+ 50. Kd5 Rb5+ 51. Kd6 Rb7 52. Kc6 Rb3
53. f4 Rb4 54. Kd7 Rb7+ 55. Kd8 Rb8+ 56. Kc7 Rb4 57. Rf6+ Kg7 58. f5 gxf5 59.
Rxf5 Rb5 60. Kd6 Rb6+ 61. Kd7 Rb5 62. Ke6 Rb6+ 63. Kd5 Rb5+ 64. Kd4 Ra5 65. Rf3
Ra1 66. e6 h5 67. Kd5 Ra5+ 68. Kd6 Ra6+ 69. Ke5 Ra5+ 70. Ke4 1/2-1/2

[Event "MCR_EM_CF12"]
[Site "?"]
[Date "2004.??.??"]
[Round "?"]
[White "Valenta, Josef"]
[Black "Berko, Michal"]
[Result "0-1"]
[WhiteElo "2110"]
[BlackElo "2003"]
[PlyCount "68"]
[EventDate "2005.??.??"]
[EventType "corr"]
[EventRounds "2"]
[SourceDate "2005.03.12"]

1. d4 d5 2. c4 Nc6 3. cxd5 Qxd5 4. Nf3 e5 5. Nc3 Bb4 6. Bd2 Bxc3 7. Bxc3 e4 8.
Nd2 e3 9. fxe3 Nf6 10. Qb3 Qf5 11. Nf3 O-O 12. Bd2 Re8 13. g3 Be6 14. Qd3 Ne4
15. Bg2 Bd5 16. O-O Qe6 17. Ne1 Rad8 18. Bxe4 Bxe4 19. Qc3 Ne7 20. Qxc7 Nd5 21.
Qc4 Qh3 22. Qc5 f5 23. Nf3 Nf6 24. Rf2 Bd5 25. Qb4 Ne4 26. Rg2 Qh6 27. Rd1 Qe6
28. Bc3 Rd6 29. a4 Rb6 30. Qa5 Rc8 31. Bb4 Nf6 32. Kh1 Ng4 33. e4 fxe4 34. Ne5
Ne3 0-1

[Event "MCR_EM_CF12"]
[Site "?"]
[Date "2004.??.??"]
[Round "?"]
[White "Valenta, Josef"]
[Black "Jakimic, Viktor"]
[Result "1/2-1/2"]
[WhiteElo "2110"]
[BlackElo "2110"]
[PlyCount "38"]
[EventDate "2005.??.??"]
[EventType "corr"]
[EventRounds "2"]
[SourceDate "2005.03.12"]

1. e4 c5 2. Nf3 Nc6 3. d4 cxd4 4. Nxd4 g6 5. Nc3 Bg7 6. Be3 Nf6 7. Nxc6 bxc6 8.
e5 Ng8 9. f4 f6 10. exf6 Nxf6 11. Be2 O-O 12. O-O d5 13. Bd4 Bf5 14. Na4 Rf7
15. c4 dxc4 16. Bxc4 Bg4 17. Bxf7+ Kxf7 18. Qb3+ Be6 19. Qd3 Bf5 1/2-1/2

[Event "MCR_EM_CF12"]
[Site "?"]
[Date "2004.??.??"]
[Round "?"]
[White "Valenta, Josef"]
[Black "Jarabinsky, Martin"]
[Result "1-0"]
[WhiteElo "2110"]
[BlackElo "2116"]
[PlyCount "71"]
[EventDate "2005.??.??"]
[EventType "corr"]
[EventRounds "2"]
[SourceDate "2005.03.12"]

1. e4 e6 2. d4 c5 3. d5 exd5 4. exd5 d6 5. Nf3 Nf6 6. Nc3 Be7 7. Bc4 Nbd7 8.
O-O O-O 9. Re1 Nb6 10. Bf1 Re8 11. h3 h6 12. a4 a5 13. Be3 Bd7 14. Qd2 Nh5 15.
Nb5 Nf6 16. c4 Ne4 17. Qc2 f5 18. Bd3 Bf8 19. Bf4 Rc8 20. Re2 g5 21. Bh2 Qf6
22. Rae1 Bxb5 23. axb5 Bg7 24. Nd2 Qxb2 25. Qd1 Qd4 26. Nxe4 fxe4 27. Rxe4 Rxe4
28. Rxe4 Qf6 29. Qe1 Nd7 30. Re6 Qd4 31. Bf5 Rf8 32. Re4 Rxf5 33. Rxd4 Bxd4 34.
Qe8+ Nf8 35. Bxd6 Rxf2 36. Kh2 1-0

[Event "MCR_EM_CF12"]
[Site "?"]
[Date "2004.??.??"]
[Round "?"]
[White "Valenta, Josef"]
[Black "Ksir, Bohumil"]
[Result "0-1"]
[WhiteElo "2110"]
[BlackElo "2151"]
[PlyCount "112"]
[EventDate "2005.??.??"]
[EventType "corr"]
[EventRounds "2"]
[SourceDate "2005.03.12"]

1. e4 c5 2. Nf3 Nc6 3. d4 cxd4 4. Nxd4 Nf6 5. Nc3 e5 6. Ndb5 d6 7. Bg5 a6 8.
Bxf6 gxf6 9. Na3 b5 10. Nd5 f5 11. Bd3 Be6 12. c3 Bg7 13. Qh5 O-O 14. exf5 Bxd5
15. f6 e4 16. fxg7 Re8 17. Be2 Re5 18. Qh3 Rg5 19. Nc2 Bc4 20. Qe3 d5 21. Qf4
Bxe2 22. Kxe2 Ne5 23. Nb4 Ng6 24. Qd2 a5 25. Nc2 Qf6 26. Kf1 Nf4 27. Ne3 Nd3
28. h4 Rxg7 29. Nxd5 Qe5 30. Ne3 Kh8 31. Rd1 Rag8 32. g4 Rd8 33. Qe2 Rgg8 34.
Rd2 f6 35. g5 fxg5 36. Qg4 Rdf8 37. hxg5 Rxg5 38. Qh3 Qg7 39. Nd1 Rg8 40. Rxd3
exd3 41. Qxd3 Rf8 42. Ne3 b4 43. c4 Rg3 44. Qd2 Qe5 45. Qd3 Rg7 46. Qd2 Rgf7
47. Nd1 Rf4 48. Qc2 Re4 49. Ne3 Qg3 50. Rxh7+ Kg8 51. Rh1 Qxe3 52. Rg1+ Kh8 53.
Rh1+ Kg7 54. Rg1+ Kh6 55. Rh1+ Kg5 56. Rg1+ Rg4 0-1